LEADER 01010nam a2200265 4500 001 000000332690 003 CaOOAMICUS 005 20190305161515.0 008 190305s2016 it 000 u ita r 020 $a978-88-372-2978-8 040 $aSeMil$bita 100 1 $aCānopi, Anna Maria,$c.$0(OLS)http://semarc/name/90313 245 14$a... Ancora cantando /$cAnna Maria Canopi. 264 1$aBrescia :$bMorcelliana,$c2016. 300 $a113 p. ;$c19 cm 490 1 $aScritture profetiche ;$v5 541 1 $aFondo Mons. Mario Delpini 830 0$aScritture profetiche ;$v5.$0(OLS)http://semarc/title/404077 850 $aSeMil 852 $aSeMil$W1$xVenegono$y1$m3F VI 305$j212872$B225872$CSeMilBibl$Z2$F225872 $81 941 1 $a7 996 $6020$a978-88-372-2978-8$9(OLS)http://semarc/number/286679 996 $6245$a... Ancora cantando$9(OLS)http://semarc/title/421715 996 $6264$aBrescia :$bMorcelliana$9(OLS)http://semarc/publisher/29629 LEADER 01170nam a2200265 i 4500 001 000000097081 003 CaOOAMICUS 005 20060713000000.0 008 060713s1962 it u000 u ita u 013 $a69323 040 $aSeMil$bita 100 1 $aFrancesco : d'Assisi,$c.$0(OLS)http://semarc/name/18131 245 14$aGli Scritti di San Francesco d'Assisi /$cIntroduzione e note di Mons. Vittorio Facchinetti. 250 $a5. ed. 260 $aMilano :$bVita e Pensiero,$c(stampa 1962) 300 $a211 p. ;$c20 cm. 490 0 $aCollana di testi francescani ;$v4. 650 4$aFrancesco : d'Assisi - Opere.$0(OLS)http://semarc/subject/15059 700 1 $aFacchinetti, Vittorio.$0(OLS)http://semarc/name/36632 830 0$aCollana di testi francescani ;$v4.$0(OLS)http://semarc/title/6989 850 $aSeMil 852 $aSeMil$W1$xVenegono$y1$m3H II 66$j56309$B56309$CSeMilBibl$Z2$F64682 $81 961 $aOmaggio: Gualerni don Gualberto 996 $6245$aGli Scritti di San Francesco d'Assisi$9(OLS)http://semarc/title/119713 996 $6260$aMilano :$bVita e Pensiero$9(OLS)http://semarc/publisher/29642